| 000 | 00680nam a2200229 a 4500 | ||
|---|---|---|---|
| 001 | 46709 | ||
| 003 | BD-RjUL | ||
| 005 | 20211209054207.0 | ||
| 008 | 160803s1952 ii 001 0 eng u | ||
| 035 | _a(BD-RjUL)46828 | ||
| 035 | _a220933 | ||
| 040 |
_aANL _beng _cANL |
||
| 041 | _aeng | ||
| 082 |
_a342.73 _bSWI 1952 |
||
| 100 | 1 |
_aSwarup, Jagadish. _9142378 |
|
| 245 | 1 | 4 |
_aThe interpretation of Indian statutes / _cJagadish Swarup ; With a foreword by B. Malik. |
| 260 |
_aAllahabad : _bUniversity Book Agency, _c1952 |
||
| 300 |
_axlvi, 544 p. ; _c23 cm. |
||
| 500 | _aIncludes index | ||
| 650 | 0 |
_aLaw _zIndia _xInterpretation and construction. _9142379 |
|
| 942 |
_2ddc _cBK |
||
| 999 |
_c46709 _d46709 |
||